000 00660nam a22001697a 4500
003 MACL
005 20160724124613.0
008 160724b xxu||||| |||| 00| 0 eng d
040 _cMACL
041 _aHindi
082 _a910 SIN
100 _aसिंह, सत्‍येन्‍द्र प्रताप
_965188
245 _aभारत की सांस्‍कृतिक एवं ऐतिहासिक धरोहर
_cसत्‍येन्‍द्र प्रताप सिंह
260 _aनई दिल्‍ली
_bआदि बुक्‍स
_c2013
650 _aयात्रा
_965198
942 _2ddc
_cHIN
999 _c54880
_d54880